000 00225nam a2200097Ia 4500
008 190216s9999||||xx |||||||||||||| ||und||
100 _aTagore
245 0 _aHindi-Dhobhahinem
260 _bMac Millian And Com. Ltd
942 _cBK
999 _c17316
_d17316